Normal view
MARC view
- Discrete Mathematics and combinatorics
Entry Topical Term
001 - CONTROL NUMBER
- control field: 3830
003 - CONTROL NUMBER IDENTIFIER
- control field: JO-AjAnu
005 - DATE AND TIME OF LATEST TRANSACTION
- control field: 20230606070929.0
008 - FIXED-LENGTH DATA ELEMENTS
- fixed length control field: 230606|| aca||aabn | a|a d
040 ## - CATALOGING SOURCE
- Original cataloging agency: JO-AjAnu
- Transcribing agency: JO-AjAnu
150 ## - HEADING--TOPICAL TERM
- Topical term or geographic name entry element: Discrete Mathematics and combinatorics
670 ## - SOURCE DATA FOUND
- Source citation: Work cat.: (JO-AjAnu)1997: Sengadir, author 3829, Discrete Mathematics and combinatorics